000 00444nam a22001697a 4500
003 NUST - PNEC
005 20170116180945.0
008 150907b xxu||||| |||| 00| 0 eng d
020 _a0030507936
040 _cLIBRARY
082 _a621.395 SHA
100 _98932
_aShaw, Alan W.
245 _aLogic circuit design
_cAlan W. Shaw
260 _cc.1991
650 _98934
_aLogic circuits--Design and construction
_xMIS, EE
942 _2ddc
_cBK
999 _c66273
_d66273